grand prix 2024 partie n°1 - Statistiques

Statistiques générales
  • Ce quiz a été pris 23 fois
  • Le résultat moyen est 17 sur 24
Statistiques - réponses
Par images Réponse % Correct
Monaco
95%
Bahreïn
86%
Espagne
86%
Etats-Unis
86%
Qatar
86%
Arabie saoudite
81%
Autriche
81%
Italie
81%
Mexique
81%
Australie
76%
Canada
76%
Japon
76%
Singapour
76%
Belgique
71%
Las Vegas
71%
Angleterre
67%
Brésil
67%
Chine
67%
Hongrie
67%
Miami
67%
Pays-Bas
62%
Azerbaïdjan
52%
Abou Dhabi
48%
Emilie-Romagne
43%
Aucun quiz correspondant
Distribution des résultats
% des personnes avec chaque résultat
Percentile par nombre de réponses
Votre historique - résultats
Vous n’avez pas pris ce quiz